000 00957nam a2200277Ia 4500
003 OSt
005 20220923211454.0
006 a|||||r|||| 00| 0
007 ta
008 220922b |||||||| |||| 00| 0 hin d
020 _a9789350726723 (hbk)
_c200
024 _a282,928
037 _b320, 10/01/2015, Vani Prakashan
_cTextual
040 _aARTS
_cARTS
_bhin
041 _2hin
_ahin
082 _aY5927.2, 152P8
100 _aराजकिशोर, संपा.
245 0 _aहरिजन से दलित
246 _aHarijan se dalita
260 _aनयी दिल्ली
_b वाणी प्रकाशन
_c2008
300 _a174पृ.
_ccm.
490 _aआज के प्रश्न; 6
650 _aभारतीय-लोक साहित्य
942 _hY5927.2, 152P8
_cTEXL
_2CC
999 _c299873
_d299873